000 01076nam a2200241Ia 4500
003 Ost
005 20260416102352.0
008 260416s9999||||xx |||||||||||||| ||und||
040 _cfsecg
041 _aara
082 _a1.6404
100 _aعزي، سهام
_eمؤلف
245 0 _aمحاضرات في الإعلام الآلي 1 /
_c سهام عزي
260 _aالجزائر
_bجامعة الجزائر3: كلية العلوم الإقتصادية، العلوم التجارية وعلوم التسيير
_c2017
300 _a69 ورقة
_bايضاحات
_c30 سم
504 _aمراجع ص.69
520 _aنظرة عامة حول الحاسوب، أساسيات في 2007Mcrosoft Office Word، أساسيات في Exel، Microsoft Powerpoint
653 _aاعلام آلي
653 _aالحاسبات الالكترونية
653 _aبرامج الحاسبات
710 _aجامعة الجزائر3: كلية العلوم الإقتصادية، العلوم التجارية وعلوم التسيير
_eناشر علمي
942 _cHANDOUT
999 _c41053
_d41053